Football : Vainqueur de la Süper Lig - Statistiques

Statistiques générales
  • Ce quiz a été pris 14 fois
    3 depuis la dernière actualisation
  • Le résultat moyen est 52 sur 70
Statistiques - réponses
Année Vainqueur % Correct
2026 Galatasaray SK
100%
2025 Galatasaray SK
100%
2024 Galatasaray SK
100%
2023 Galatasaray SK
100%
2019 Galatasaray SK
100%
2018 Galatasaray SK
100%
2015 Galatasaray SK
100%
2013 Galatasaray SK
100%
2012 Galatasaray SK
100%
2008 Galatasaray SK
100%
2006 Galatasaray SK
100%
2002 Galatasaray SK
100%
2000 Galatasaray SK
100%
1999 Galatasaray SK
100%
1998 Galatasaray SK
100%
1997 Galatasaray SK
100%
1994 Galatasaray SK
100%
1993 Galatasaray SK
100%
1988 Galatasaray SK
100%
1987 Galatasaray SK
100%
1973 Galatasaray SK
100%
1972 Galatasaray SK
100%
1971 Galatasaray SK
100%
1969 Galatasaray SK
100%
1963 Galatasaray SK
100%
1962 Galatasaray SK
100%
2021 Beşiktaş JK
67%
2017 Beşiktaş JK
67%
2016 Beşiktaş JK
67%
2009 Beşiktaş JK
67%
2003 Beşiktaş JK
67%
1995 Beşiktaş JK
67%
1992 Beşiktaş JK
67%
1991 Beşiktaş JK
67%
1990 Beşiktaş JK
67%
1986 Beşiktaş JK
67%
1982 Beşiktaş JK
67%
1967 Beşiktaş JK
67%
1966 Beşiktaş JK
67%
1960 Beşiktaş JK
67%
1958 Beşiktaş JK
67%
1957 Beşiktaş JK
67%
2014 Fenerbahçe SK
67%
2011 Fenerbahçe SK
67%
2007 Fenerbahçe SK
67%
2005 Fenerbahçe SK
67%
2004 Fenerbahçe SK
67%
2001 Fenerbahçe SK
67%
1996 Fenerbahçe SK
67%
1989 Fenerbahçe SK
67%
1985 Fenerbahçe SK
67%
1983 Fenerbahçe SK
67%
1978 Fenerbahçe SK
67%
1975 Fenerbahçe SK
67%
1974 Fenerbahçe SK
67%
1970 Fenerbahçe SK
67%
1968 Fenerbahçe SK
67%
1965 Fenerbahçe SK
67%
1964 Fenerbahçe SK
67%
1961 Fenerbahçe SK
67%
1959 Fenerbahçe SK
67%
2010 Bursaspor
33%
2020 İstanbul Başakşehir
33%
2022 Trabzonspor
33%
1984 Trabzonspor
33%
1981 Trabzonspor
33%
1980 Trabzonspor
33%
1979 Trabzonspor
33%
1977 Trabzonspor
33%
1976 Trabzonspor
33%
Aucun quiz correspondant
Distribution des résultats
% des personnes avec chaque résultat
Percentile par nombre de réponses
Votre historique - résultats
Vous n’avez pas pris ce quiz depuis la dernière actualisation